Trestať? Nestrestať?

Bibliographic Details
Main Author: Hadvábová, Albína (Author)
Format: Book
Language:Slovak
PhysicalDescription:4 s. 21x13 cm.
Published: Košice MÚNZ [vyd.] 1983
Edition:1. vyd.
Subjects:

MARC

LEADER 00000nam a2200000 a 4500
001 vtls001197038
003 SK-MaSNL
005 20260301112359.0
008 250414s1983 xo 0 slo
035 |a SNK000140107 
040 |a SNK  |b slo  |c SNK  |e AACR2 
041 0 |a slo 
044 |a xo  |c SK 
080 |a 37.018.1-053.2(041)  |2 1981 
100 1 |a Hadvábová, Albína  |4 aut  |9 453033 
245 1 0 |a Trestať? Nestrestať?  |c Albína Hadvábová 
250 |a 1. vyd. 
260 |a Košice  |b MÚNZ [vyd.]  |c 1983  |e Košice  |f Východoslovenské tlačiarne 
300 |a 4 s.  |c 21x13 cm. 
366 |e 10 000 výtl. 
500 |a Zdravotnícka osveta. Pre účely zdrav. vých. bezplatne. 
655 7 |a zdravotnícka osveta  |2 SNK  |9 72803 
852 |a Slovenská národná knižnica 
954 |a výchova rodinná  |a deti  |a tresty 
958 |a OND 
958 |a TL 
999 |c 710307  |d 712237 
952 |a SNK  |b SNK  |y PREZ  |7 0  |p 17A0603645  |o snkOSC 8958   |i snkKSP 9976/84  |0 0  |1 0  |4 0  |d 2008-10-28  |l 0  |r 2026-02-23 21:29:25  |w 2026-02-23 
952 |a SNK  |b SNK  |y VYP  |7 0  |p 17A0294685  |o snkOSC 8958 D1  |i snkKSP 9977/84  |0 0  |1 0  |4 0  |d 2001-03-30  |l 0  |r 2005-01-01 00:00:00  |w 2026-02-23